All Serie A Players 2011-2012 Season - Statistics

General Stats
  • This quiz has been taken 48 times
  • The average score is 150 of 396
Answer Stats
Position Nation Team Player % Correct
MID Italy Roma Daniele De Rossi
89%
GK Italy Juventus Gianluigi Buffon
85%
DEF Italy Juventus Andrea Barzagli
81%
MID Italy Juventus Andrea Pirlo
81%
MID Italy Juventus Claudio Marchisio
81%
DEF Italy Juventus Leonardo Bonucci
81%
MID Argentina Catania Alejandro Gomez
78%
MID Serbia Inter Dejan Stankovic
78%
DEF Italy Juventus Giorgio Chiellini
78%
GK Brazil Inter Julio Cesar
78%
FWD Sweden Milan Zlatan Ibrahimovic
78%
FWD Italy Juventus Alessandro Del Piero
74%
FWD Italy Udinese Antonio Di Natale
74%
MID Chile Juventus Arturo Vidal
74%
DEF Roumania Inter Cristian Chivu
74%
FWD Argentina Inter Diego Milito
74%
FWD Uruguay Napoli Edinson Cavani
74%
MID Argentina Inter Esteban Cambiasso
74%
FWD Italy Juventus Fabio Quagliarella
74%
FWD Italy Roma Francesco Totti
74%
FWD North Macedonia Napoli Goran Pandev
74%
FWD Italy Chievoverona Sergio Pellissier
74%
MID The Netherlands Inter Wesley Sneijder
74%
DEF Japan Inter Yuto Nagatomo
74%
MID The Netherlands Milan Clarence Seedorf
70%
MID Italy Milan Gennaro Gattuso
70%
DEF Colombia Inter Ivan Cordoba
70%
MID Argentina Inter Javier Zanetti
70%
DEF Switzerland Juventus Stephan Lichtsteiner
70%
DEF Argentina Inter Walter Samuel
70%
DEF Italy Milan Alessandro Nesta
67%
DEF Italy Siena Andrea Rossi
67%
FWD Italy Milan Antonio Cassano
67%
DEF Brazil Inter Maicon
67%
DEF Italy Cesena Marco Rossi
67%
MID Italy Genoa Marco Rossi
67%
MID Serbia Juventus Milos Krasic
67%
FWD Montenegro Juventus Mirko Vucinic
67%
FWD Germany Lazio Miroslav Klose
67%
FWD Brazil Milan Pato
67%
FWD Montenegro Fiorentina Stefan Jovetic
67%
DEF Roumania Lazio Stefan Radu
67%
FWD Italy Juventus Alessandro Matri
63%
GK Italy Atalanta Andrea Consigli
63%
GK Italy Milan Christian Abbiati
63%
FWD Uruguay Inter Diego Forlan
63%
MID The Netherlands Juventus Eljero Elia
63%
FWD Argentina Napoli Ezequiel Lavezzi
63%
FWD Italy Milan Filippo Inzaghi
63%
FWD Argentina Atalanta German Denis
63%
FWD Italy Inter Giampaolo Pazzini
63%
MID Brazil Lazio Hernanes
63%
MID Slovenia Palermo Josip Ilicic
63%
DEF Colombia Lecce Juan Cuadrado
63%
DEF Colombia Napoli Juan Zuniga
63%
FWD Italy Roma Marco Borriello
63%
GK Italy Juventus Marco Storari
63%
MID Slovakia Napoli Marek Hamsik
63%
MID Argentina Inter Ricardo Alvarez
63%
FWD Brazil Milan Robinho
63%
FWD Argentina Genoa Rodrigo Palacio
63%
GK Slovenia Udinese Samir Handanovic
63%
FWD Roumania Cesena Adrian Mutu
59%
FWD Italy Fiorentina Alberto Gilardino
59%
MID Italy Cesena Antonio Candreva
59%
DEF Slovenia Chievoverona Bostjan Cesar
59%
MID Honduras Palermo Edgar Alvarez
59%
GK Italy Lazio Federico Marchetti
59%
MID Nigeria Inter Joel Obi
59%
DEF Brazil Inter Lucio
59%
GK The Netherlands Roma Maarten Stekelenburg
59%
MID Paraguay Juventus Marcelo Estigarribia
59%
MID Italy Cesena Marco Parolo
59%
MID Bosnia and Herzegovina Roma Miralem Pjanic
59%
GK Brazil Fiorentina Neto
59%
DEF France Milan Philippe Mexes
59%
DEF Bosnia and Herzegovina Lazio Senad Lulic
59%
MID Italy Inter Thiago Motta
59%
MID Switzerland Napoli Gokhan inler
56%
DEF Georgia Genoa Kakha Kaladze
56%
MID Ghana Milan Kevin Prince Boateng
56%
GK Argentina Catania Mariano Andujar
56%
DEF Italy Juventus Paolo De Ceglie
56%
MID Belgium Cagliari Radja Nainggolan
56%
FWD Italy Parma Sebastian Giovinco
56%
DEF Denmark Roma Simon Kjaer
56%
MID Italy Milan Alberto Aquilani
52%
DEF Italy Fiorentina Alessandro Gamberini
52%
DEF Italy Inter Andrea Ranocchia
52%
MID Switzerland Napoli Blerim Dzemaili
52%
MID Chile Atalanta Carlos Carmona
52%
MID Italy Cagliari Daniele Conti
52%
FWD Honduras Catania David Suazo
52%
FWD France Lazio Djibril Cissé
52%
FWD Italy Palermo Fabrizio Miccoli
52%
MID Italy Atalanta Giacomo Bonaventura
52%
FWD Argentina Parma Hernan Crespo
52%
DEF Argentina Napoli Hugo Campagnaro
52%
DEF Italy Milan Ignazio Abate
52%
MID Ghana Udinese Kwadwo Asamoah
52%
FWD Italy Bologna Marco di Vaio
52%
MID The Netherlands Milan Mark Van Bommel
52%
MID USA Chievoverona Michael Bradley
52%
GK Italy Napoli Morgan De Sanctis
52%
DEF France Chievoverona Nicolas Frey
52%
GK France Genoa Sebastien Frey
52%
MID Italy Juventus Simone Pepe
52%
GK Italy Chievoverona Stefano Sorrentino
52%
MID Switzerland Fiorentina Valon Behrami
52%
FWD Uruguay Palermo Abel Hernandez
48%
MID Kazakistan Genoa Alexander Merkel
48%
MID Italy Milan Antonio Nocerino
48%
GK Roumania Roma Bogdan Lobont
48%
FWD Spain Roma Bojan
48%
MID Chile Roma David Pizarro
48%
DEF Argentina Napoli Federico Fernandez
48%
FWD Argentina Catania Gonzalo Bergessio
48%
DEF Brazil Roma Juan
48%
MID Peru Fiorentina Juan Vargas
48%
MID Italy Milan Massimo Ambrosini
48%
MID Chile Udinese Mauricio Isla
48%
FWD Argentina Catania Maxi Lopez
48%
FWD Italy Roma Pablo Osvaldo
48%
DEF Italy Napoli Paolo Cannavaro
48%
MID Italy Atalanta Simone Padoin
48%
MID Uruguay Napoli Walter Gargano
48%
FWD Italy Chievoverona Alberto Paloschi
44%
DEF Italy Parma Alessandro Lucarelli
44%
MID Uruguay Lazio Alvaro Gonzalez
44%
MID Italy Napoli Christian Maggio
44%
DEF Italy Genoa Dario Dainelli
44%
FWD Italy Lecce David Di Michele
44%
DEF Italy Cagliari Davide Astori
44%
MID Argentina Roma Fernando Gago
44%
DEF Italy Milan Gianluca Zambrotta
44%
GK Belgium Bologna Jean-François Gillet
44%
MID Albania Lazio Lorik Cana
44%
DEF Italy Genoa Luca Antonelli
44%
DEF Italy Milan Luca Antonini
44%
GK Italy Inter Luca Castellazzi
44%
GK Italy Milan Marco Amelia
44%
FWD Italy Siena Mattia Destro
44%
DEF Morocco Udinese Medhi Benatia
44%
MID Italy Juventus Michele Pazienza
44%
FWD Argentina Siena Pablo Gonzalez
44%
MID Finland Chievoverona Perparim Hetemaj
44%
MID Italy Fiorentina Riccardo Montolivo
44%
DEF Italy Napoli Salvatore Aronica
44%
FWD Italy Lazio Tommaso Rocchi
44%
DEF France Lazio Abdoulay Konko
41%
GK Argentina Lazio Albano Bizzarri
41%
MID Sweden Cagliari Albin Ekdal
41%
GK Italy Parma Antonio Mirante
41%
GK Poland Fiorentina Artur Boruc
41%
MID Italy Lazio Cristian Ledesma
41%
FWD France Chievoverona Cyril Thereau
41%
DEF Brazil Udinese Danilo
41%
DEF Italy Atalanta Giampaolo Bellini
41%
DEF Serbia Udinese Dusan Basta
41%
FWD Brazil Cesena Eder
41%
DEF Italy Palermo Federico Balzaretti
41%
GK Italy Cesena Francesco Antonioli
41%
MID Slovakia Genoa Juraj Kucka
41%
MID Italy Catania Marco Biagianti
41%
DEF Italy Lecce Massimo Oddo
41%
FWD Chile Palermo Mauricio Pinilla
41%
GK Italy Cagliari Michael Agazzi
41%
MID Portugal Genoa Miguel Veloso
41%
MID Argentina Catania Pablo Ledesma
41%
FWD Italy Parma Sergio Floccari
41%
MID Serbia Fiorentina Adam Ljajic
37%
FWD Italy Fiorentina Alessio Cerci
37%
MID Italy Cagliari Andrea Cossu
37%
DEF Brazil Lazio Andre Dias
37%
DEF Italy Fiorentina Cesare Natali
37%
DEF Italy Siena Cristiano Del Grosso
37%
MID Argentina Roma Erik Lamela
37%
FWD Albania Cesena Erjon Bogdani
37%
DEF Argentina Roma Gabriel Heinze
37%
MID Italy Siena Gaetano D'Agostino
37%
DEF Italy Lazio Giuseppe Biava
37%
FWD Italy Napoli Giuseppe Mascara
37%
FWD Brazil Novara Jeda
37%
MID Italy Chievoverona Luca Rigoni
37%
DEF Italy Fiorentina Manuel Pasqual
37%
MID Italy Novara Marco Rigoni
37%
DEF Serbia Fiorentina Matija Nastasic
37%
MID Italy Atalanta Matteo Brighi
37%
FWD Argentina Inter Mauro Zarate
37%
DEF Serbia Lecce Nenad Tomovic
37%
FWD Brazil Cagliari Nene
37%
DEF Argentina Roma Nicolas Burdisso
37%
DEF Argentina Catania Nicolas Spolli
37%
MID Colombia Udinese Pablo Armero
37%
MID Greece Bologna Panagiotis Kone
37%
MID Sierra Leone Lecce Rodney Strasser
37%
MID Italy Lazio Stefano Mauri
37%
FWD Japan Novara Takayuki Morimoto
37%
DEF Italy Atalanta Thomas Manfredini
37%
MID Slovenia Genoa Valter Birsa
37%
MID Colombia Cagliari Victor Ibarbo
37%
DEF Tunisia Cesena Yohan Benalouane
37%
MID Italy Bologna Alessandro Diamanti
33%
DEF Italy Napoli Andrea Dossena
33%
DEF Italy Atalanta Andrea Masiello
33%
DEF Sweden Genoa Andreas Granqvist
33%
FWD Italy Udinese Antonio Floro Flores
33%
MID Italy Lazio Cristian Brocchi
33%
GK Italy Udinese Daniele Padelli
33%
FWD Italy Chievoverona Davide Moscardelli
33%
MID Uruguay Bologna Diego Perez
33%
DEF Algeria Lecce Djamel Mesbah
33%
MID Ghana Udinese Emmanuel Badu
33%
MID Brazil Roma Fabio Simplicio
33%
MID Italy Catania Francesco Lodi
33%
DEF Argentina/Italy Parma Gabriel Paletta
33%
MID Belgium Bologna Gaby Mudingayi
33%
MID Uruguay Bologna Gaston Ramirez
33%
MID Uruguay Lecce Guillermo Giacomazzi
33%
DEF Austria Bologna Gyorgy Garics
33%
MID Morocco Fiorentina Houssine Kharja
33%
MID France Parma Jonathan Biabiany
33%
FWD Uruguay Cesena Jorge Martinez
33%
DEF Italy Fiorentina Lorenzo De Silvestri
33%
DEF Switzerland Novara Michel Morganella
33%
DEF Italy Catania Nicola Legrottaglie
33%
FWD Italy Bologna Robert Acquafresca
33%
FWD Uruguay Fiorentina Santiago Silva
33%
FWD Italy Atalanta Simone Tiribocchi
33%
DEF Switzerland Cesena Steve Von Bergen
33%
DEF Italy Roma Alessandro Rosi
30%
GK Italy Napoli Antonio Rosati
30%
DEF Italy Parma Cristian Zaccardo
30%
DEF Italy Bologna Daniele Portanova
30%
FWD France Cesena Dominique Malonga
30%
GK Italy Bologna Federico Agliardi
30%
DEF Italy Atalanta Federico Peluso
30%
MID Italy Udinese Giampiero Domizzi
30%
MID Italy Palermo Giulio Migliaccio
30%
DEF Uruguay Cesena Guillermo Rodriguez
30%
FWD Argentina Cagliari Joaquin Larrivey
30%
DEF Spain Roma José Angel
30%
GK Brazil Lecce Julio Sergio
30%
MID Italy Atalanta Luca Cigarini
30%
DEF Italy Siena Luca Rossettini
30%
DEF Lithuania Lazio Marius Stankevicius
30%
GK Italy Lecce Massimiliano Benassi
30%
DEF Argentina Palermo Matias Silvestre
30%
DEF Italy Udinese Maurizio Domizzi
30%
GK Albania Novara Samir Ujkani
30%
MID Italy Roma Simone Perrotta
30%
GK Serbia Siena Zeljko Brkic
30%
MID Argentina Catania Adrian Ricchiuti
26%
MID Italy Siena Alessandro Gazzi
26%
GK Italy Catania Andrea Campagnolo
26%
FWD Italy Genoa Andrea Caracciolo
26%
MID Italy Fiorentina Andrea Lazzari
26%
DEF Italy Bologna Archimede Morleo
26%
DEF Italy Genoa Cesare Bovo
26%
GK Italy Chievoverona Christian Puggioni
26%
DEF Italy Catania Ciro Capuano
26%
GK Italy Genoa Cristiano Lupatelli
26%
DEF Italy Atalanta Daniele Capelli
26%
FWD Italy Lecce Daniele Corvia
26%
MID Italy Cagliari Davide Biondini
26%
DEF Italy Palermo Eros Pisano
26%
DEF Argentina Palermo Ezequiel Munoz
26%
MID Italy Atalanta Ezequiel Schelotto
26%
MID Italy Atalanta Fabio Caserta
26%
MID Brazil Lazio Francelino Matuzalem
26%
GK Italy Palermo Francesco Benussi
26%
DEF Italy Cagliari Francesco Pisano
26%
GK Italy Siena Gianluca Pegolo
26%
DEF Italy Catania Giuseppe Bellusci
26%
FWD Italy Lazio Giuseppe Sculli
26%
FWD Italy Atalanta Guido Marilungo
26%
DEF Italy Cagliari Lorenzo Ariaudo
26%
DEF Italy Chievoverona Marco Andreolli
26%
DEF Italy Fiorentina Mattia Cassani
26%
DEF Italy Cagliari Michele Canini
26%
DEF Uruguay Napoli Miguel Britos
26%
MID Brazil Siena Reginaldo
26%
FWD Italy Novara Riccardo Meggiorini
26%
MID Uruguay Lecce Ruben Olivera
26%
MID Argentina Catania Sergio Almiron
26%
DEF Italy Bologna Simone Loria
26%
MID Italy Siena Simone Vergassola
26%
DEF Italy Catania Alessandro Potenza
22%
FWD Serbia Genoa Bosko Jankovic
22%
MID Nigeria Lecce Christian Obodo
22%
FWD Nigeria Lecce Edward Ofere
22%
FWD Italy Siena Emanuele Calaiò
22%
MID Israel Palermo Eran Zahavi
22%
FWD Italy Siena Franco Brienza
22%
MID Italy Genoa Giandomenico Mesto
22%
MID Italy Cesena Giuseppe Colucci
22%
DEF Germany Novara Giuseppe Gemiti
22%
FWD Uruguay Bologna Henry Gimenez
22%
MID Serbia Novara Ivan Radovanovic
22%
MID Chile Parma Jamie Valdes
22%
MID Guinea Genoa Kevin Constant
22%
FWD Italy Atalanta Manolo Gabbiadini
22%
DEF Italy Parma Massimo Gobbi
22%
DEF Italy Parma Matteo Rubin
22%
MID Argentina Atalanta Maxi Morales
22%
MID Italy Chievoverona Paolo Sammarco
22%
MID Slovenia Bologna Rene Krhin
22%
DEF Italy Atalanta Stefano Lucchini
22%
MID Italy Parma Stefano Morrone
22%
FWD Brazil Cagliari Thiagi Ribeiro
22%
GK Serbia Cagliari Vlada Avramov
22%
FWD Algeria Cesena Abdelkader Ghezzal
19%
MID Ghana Palermo Afriyie Acquah
19%
DEF Italy Cagliari Alessandro Agostini
19%
MID Italy Lecce Andrea Bertolacci
19%
FWD Italy Catania Andrea Catellani
19%
DEF Italy Bologna Andrea Raggi
19%
FWD Italy Lecce Christian Pasquato
19%
MID Italy Catania Davide Lanzafame
19%
MID Paraguay Palermo Edgar Barreto
19%
DEF Italy Genoa Emiliano Moretti
19%
MID Brazil Chievoverona Eriberto
19%
MID Italy Bologna Federico Casarini
19%
FWD Roumania Udinese Gabriel Torje
19%
DEF Italy Chievoverona Gennaro Sardo
19%
GK Italy Atalanta Giorgio Frezzolini
19%
DEF Italy Catania Giovanni Marchese
19%
MID Argentina Lecce Ignacio Piatti
19%
MID Italy Napoli Marco Donadel
19%
DEF Italy Siena Matteo Contini
19%
DEF Sweden Bologna Mikael Antonsson
19%
DEF France Lazio Mobido Diakité
19%
FWD Morocco Cagliari Mustapha El Kabir
19%
GK Italy Parma Nicola Pavarini
19%
DEF Italy Bologna Nicolò Cherubin
19%
FWD Uruguay Novara Pablo Granoche
19%
DEF Brazil Fiorentina Romulo
19%
GK Italy Novara Alberto Fontana
15%
GK Greece Palermo Alexandros Tzorvas
15%
MID Brazil Siena Angelo
15%
MID Slovenia Palermo Armin Bacinovic
15%
DEF Slovenia Chievoverona Bojan Jokic
15%
MID Uruguay Lecce Carlos Grosmuller
15%
MID Chile Genoa Cristobal Jorquera
15%
DEF Italy Udinese Damiano Ferronetti
15%
MID Italy Parma Daniele Galloppa
15%
MID Italy Novara Filippo Porcari
15%
MID Italy Parma Francesco Modesto
15%
MID Italy Parma Francesco Valiani
15%
DEF Italy Cagliari Gabriele Perico
15%
DEF Italy Cesena Gianluca Comotto
15%
FWD Italy Parma Graziano Pellè
15%
DEF Italy Cesena Luca Ceccarelli
15%
FWD Argentina Genoa Lucas Pratto
15%
MID Italy Parma Manuele Blasi
15%
MID Brazil Cesena Martinho
15%
DEF Italy Cesena Maurizio Lauro
15%
DEF Italy Lecce Moris Carrozzieri
15%
GK Italy Cesena Nicola Ravaglia
15%
MID Uruguay Cagliari Pablo Ceppelini
15%
MID Italy Novara Raffaele Rubino
15%
MID Peru Chievoverona Rinaldo Cruzado
15%
MID Italy Cesena Roberto Guarna
15%
DEF Italy Siena Roberto Vitiello
15%
MID Portugal Cagliari Rui Sampaio
15%
DEF Argentina Chievoverona Santiago Morero
15%
MID Morocco Parma Abderrazzak Jadid
11%
MID Italy Novara Alex Pinardi
11%
DEF Italy Lecce Andrea Esposito
11%
DEF Italy Palermo Andrea Mantovani
11%
MID Italy Novara Andrea Mazzarani
11%
DEF Italy Siena Claudio Terzi
11%
MID Italy Siena Daniele Mannini
11%
DEF Italy Parma Fabiano Santacroce
11%
MID Italy Catania Gennaro Delvecchio
11%
MID Italy Fiorentina Gianni Munari
11%
MID Czech Republic Chievoverona Kamil Vacek
11%
MID Italy Novara Luigi Giorgi
11%
DEF Italy Novara Matteo Centurioni
11%
DEF Argentina Palermo Mauro Cetto
11%
DEF Brazil Udinese Neuton
11%
MID Italy Bologna Nico Pulzetti
11%
MID Switzerland Udinese Almen Abdi
7%
DEF Italy Novara Andrea Lisuzzo
7%
DEF Italy Novara Carlarberto Ludi
7%
DEF Italy Chievoverona Davide Mandelli
7%
FWD Italy Udinese Diego Fabbrini
7%
DEF Italy Siena Emanuele Pesoli
7%
MID Italy Siena Francesco Bolzoni
7%
MID Italy Palermo Francesco Della Rocca
7%
MID Italy Novara Francesco Marianini
7%
DEF Italy Novara Massimo Paci
7%
MID Argentina Palermo Nicolas Bertolo
7%
DEF Italy Lecce Stefano Ferrario
7%
MID Ivory Coast Udinese Thierry Doubai
7%
DEF Sweden Udinese Joel Ekstrand
4%
No matching quizzes found
Score Distribution
Percent of People with Each Score
Percentile by Number Answered
Your Score History
You have not taken this quiz